Vztah jazyka a komunikace v česko-slovensko-polské didaktické reflexi
Saved in:
| Main Author | |
|---|---|
| Format | Electronic eBook |
| Language | Czech |
| Published |
Karolinum
2019
|
| Edition | 1. elektronické vydání |
| Subjects | |
| Online Access | Dostupné v BOOKPORT po přihlášení pomocí eduID |
| ISBN | 978-80-246-4361-8 978-80-246-4353-3 |
| Physical Description | 1 online zdroj (226 stran) |
| LEADER | 00000nam a2200000 i 4500 | ||
|---|---|---|---|
| 001 | bkp464569208 | ||
| 003 | CZ-prgp | ||
| 005 | 20201202152049.0 | ||
| 006 | m o d | ||
| 007 | cr cn | ||
| 008 | 201202s2019 xr o 000 0 cze | ||
| 020 | |a 978-80-246-4361-8 |c 200 Kč |q (online ; pdf) | ||
| 020 | |a 978-80-246-4353-3 |c 290 Kč |q (print) | ||
| 040 | |a Grada |b cze |e rda | ||
| 100 | 1 | |a Štěpáník, Stanislav | |
| 245 | 1 | 0 | |a Vztah jazyka a komunikace v česko-slovensko-polské didaktické reflexi |c Stanislav Štěpáník |
| 250 | |a 1. elektronické vydání | ||
| 264 | 1 | |b Karolinum |c 2019 | |
| 300 | |a 1 online zdroj (226 stran) | ||
| 336 | |a text |b txt |2 rdacontent | ||
| 337 | |a počítač |b c |2 rdamedia | ||
| 338 | |a online zdroj |b cr |2 rdacarrier | ||
| 520 | 3 | |a Monografie představuje v naší lingvodidaktické produkci unikátní počin, neboť spojením odborníků na didaktiku mateřštiny z České republiky, ze Slovenska a z Polska - tří zemí jazykově, historicky, kulturně i sociálně blízkých - dává možnost pozoruhodného kontrastivního pohledu na hlavní téma publikace, totiž vztah jazyka a komunikace. Jeho řešení se jeví z pohledu výuky zmíněných jazyků i širšího mezinárodního pohledu jako zcela stěžejní při utváření učebního prostředí výuky mateřštiny, zkoumání a zlepšování její kvality a především zavádění jakýchkoli inovací. V česko-slovensko-polském prostředí monografie představuje práci, která se danému problému věnuje skutečně komplexně a do hloubky. Jako základní východisko z problémů, s nimiž se výuka češtiny, slovenštiny i polštiny v daných zemích potýká, autoři předkládají systémový komunikačně-funkční přístup, jehož souhrnnou elaboraci čtenář v publikaci nalezne. | |
| 650 | 0 | 4 | |a Didaktika |
| 856 | 4 | 0 | |u https://www.bookport.cz/AccountSaml/SignIn/?idp=https://shibboleth.utb.cz/idp/shibboleth&returnUrl=/kniha/vztah-jazyka-a-komunikace-v-cesko-slovensko-polske-didakticke-reflexi-7096/ |y Dostupné v BOOKPORT po přihlášení pomocí eduID |